000 00214 a2200109 4500
020 _a9788429406955
041 _aspa
100 _aSantillana
245 _aSerie Practica Matematicas 4
942 _cBK
952 _71
999 _c21436
_d21436